000 00688naa a2200217 i 4500
001 15602
003 ES-MaBCM
005 20241016091953.0
008 910823s1991 gbr 000 0 eng d
021 _axx
035 _a(OCoLC)1374264268
040 _cES-MaBCM
041 0 _aeng
043 _agbr
100 1 _aBayne, Nicholas
_94059
245 1 0 _aIn the balance, the Uruguay Round of international trade negotiations
_cNicholas Bayne
630 0 7 _aAcuerdo General sobre Aranceles Aduaneros y Comercio
_d (1947)
_2
_978728
650 2 7 _aComercio internacional
_957970
773 0 _aEn:
_tGovernment and opposition
_dLondon : 1991
_w104671
_gnÂș 3, verano ; p. 302-315
942 _cAREV
999 _c15602
_d15602